[Event "Spring open (woman)"]
[Site "Budapest"]
[Date "2015.04.15"]
[Round "9"]
[White "Dudas, Eszter"]
[Black "Terbe, Julianna"]
[Result "0-1"]
[WhiteElo "2187"]
[BlackElo "2236"]
[PlyCount "78"]
[EventDate "2015.04.07"]
[EventType "swiss"]
[EventRounds "9"]
[EventCountry "HUN"]
[Source "Hun. Chess Fed."]
[SourceDate "2015.04.15"]

1. e4 c5 2. Nf3 Nc6 3. d4 cxd4 4. Nxd4 Nf6 5. Nc3 e5 6. Ndb5 d6 7. Bg5 a6 8.
Na3 b5 9. Nd5 Be7 10. Bxf6 Bxf6 11. c4 b4 12. Nc2 a5 13. g3 O-O 14. h4 Be6 15.
Bh3 Be7 16. Qd3 Ra7 17. Kf1 g6 18. Rd1 Rd7 19. Kg2 f5 20. b3 Kh8 21. Qd2 Qe8
22. a3 Bd8 23. axb4 axb4 24. Rhe1 f4 25. Bxe6 Qxe6 26. f3 fxg3 27. Qh6 Rdf7 28.
Rf1 Ne7 29. Ncxb4 Ng8 30. Qe3 Bxh4 31. Qb6 Nh6 32. c5 Rxf3 33. Rxf3 Rxf3 34.
Nd3 Qg4 35. Nc3 Rf8 36. cxd6 Qf3+ 37. Kg1 g2 38. Nxe5 Bf2+ 39. Kh2 Qg3# 0-1

[Event "Spring open (woman)"]
[Site "Budapest"]
[Date "2015.04.15"]
[Round "9"]
[White "Papp, Andrea"]
[Black "Dave, Dhyani"]
[Result "1/2-1/2"]
[WhiteElo "1556"]
[BlackElo "2157"]
[PlyCount "57"]
[EventDate "2015.04.07"]
[EventType "swiss"]
[EventRounds "9"]
[EventCountry "HUN"]
[Source "Hun. Chess Fed."]
[SourceDate "2015.04.15"]

1. d4 d5 2. Nf3 Nf6 3. Bf4 e6 4. e3 Be7 5. Nbd2 O-O 6. c3 c5 7. Bd3 Nbd7 8. h3
Qb6 9. Qb3 Qd8 10. Qd1 c4 11. Bc2 b5 12. e4 dxe4 13. Nxe4 Nd5 14. Bd6 N7f6 15.
Bxe7 Qxe7 16. Nc5 Nd7 17. Nxd7 Bxd7 18. O-O Bc6 19. Ne5 Bb7 20. Qh5 h6 21. f4
Ne3 22. Rf2 Nxc2 23. Rxc2 Rfd8 24. Re2 Rd5 25. Qg4 Qf6 26. Rf1 Bc8 27. Qf3 Qd8
28. Nc6 Qd6 29. Nb4 1/2-1/2

[Event "Spring open (woman)"]
[Site "Budapest"]
[Date "2015.04.15"]
[Round "9"]
[White "Juhasz, Barbara"]
[Black "Palocz, Katalin"]
[Result "1-0"]
[WhiteElo "2139"]
[BlackElo "1366"]
[PlyCount "69"]
[EventDate "2015.04.07"]
[EventType "swiss"]
[EventRounds "9"]
[EventCountry "HUN"]
[Source "Hun. Chess Fed."]
[SourceDate "2015.04.15"]

1. e4 e5 2. Nf3 Nc6 3. Bb5 a6 4. Ba4 Nf6 5. Qe2 b5 6. Bb3 Bc5 7. c3 O-O 8. d3
h6 9. O-O d6 10. Be3 Bxe3 11. fxe3 Bg4 12. Nbd2 Ne7 13. h3 Be6 14. Nh4 c5 15.
d4 c4 16. Bc2 Ng6 17. Nf5 Qb6 18. Nxh6+ gxh6 19. Rxf6 Kg7 20. Raf1 Qd8 21. R6f2
Qg5 22. Kh2 Qe7 23. Rc1 Qc7 24. d5 Bd7 25. Nf1 Nh4 26. Ng3 Qd8 27. Nh5+ Kh8 28.
Rf6 Ng6 29. Rxd6 Qe7 30. Rf6 Ra7 31. Rcf1 Bc8 32. Qf2 Kh7 33. Bd1 a5 34. Ng3
Rd7 35. Bg4 1-0

[Event "Spring open (woman)"]
[Site "Budapest"]
[Date "2015.04.15"]
[Round "9"]
[White "Erdos, Boglarka"]
[Black "Jurak, Miklosne"]
[Result "1-0"]
[WhiteElo "2176"]
[BlackElo "1666"]
[PlyCount "117"]
[EventDate "2015.04.07"]
[EventType "swiss"]
[EventRounds "9"]
[EventCountry "HUN"]
[Source "Hun. Chess Fed."]
[SourceDate "2015.04.15"]

1. Nf3 d5 2. g3 Nf6 3. Bg2 e6 4. O-O Be7 5. c4 d4 6. e3 c5 7. exd4 cxd4 8. d3
O-O 9. Nbd2 Nc6 10. Re1 Qc7 11. a3 a5 12. Qe2 Nd7 13. Ne4 e5 14. h4 Re8 15. Bg5
f6 16. Bd2 Nf8 17. Nh2 Be6 18. f4 f5 19. Ng5 Bxg5 20. fxg5 Bf7 21. Qf2 g6 22.
Rac1 Rad8 23. b4 a4 24. b5 Na5 25. Bxa5 Qxa5 26. Bxb7 Re7 27. Bc6 Be8 28. Bg2
Nd7 29. Nf3 Nc5 30. Bf1 Qc7 31. Kh2 Qd6 32. Rcd1 Nb3 33. Nd2 Nc5 34. Qg2 Bf7
35. Kg1 Nb3 36. Nxb3 axb3 37. a4 Qb4 38. Qd2 Qc3 39. a5 b2 40. Re2 e4 41. Qxb2
Qxa5 42. Rg2 Qb6 43. Qb4 Re5 44. Kh2 e3 45. Be2 Ra8 46. Rc1 Rc5 47. Qb2 Qd8 48.
Ra1 Rcc8 49. Rxa8 Rxa8 50. Bf3 Rb8 51. c5 Bd5 52. Bxd5+ Qxd5 53. c6 Rxb5 54. c7
Rxb2 55. c8=Q+ Kg7 56. Rxb2 Qf7 57. Rb7 e2 58. Rxf7+ Kxf7 59. Qc1 1-0